000
00295nam a2200133Ia 4500
008
150201s2010 xx 000 0 und d
082
_a
610.732
_b
F10K
100
_a
KOHLI, ARUN
245
_a
FIRST AID
260
_b
A.P. JAIN
_c
2010
300
_a
150
650
_a
FIRST AID
942
_2
ddc
_c
BK
_0
6
999
_c
2447
_d
2447